Summa iniuria

Titel: Summa iniuria : oder Durfte der Papst schweigen? Hochhuths "Stellvertreter" in der öffentlichen Kritik / hg. v. Fritz J. Raddatz
Verfasser:
Veröffentlicht: Reinbeck b.hamburg : Rowolth Taschenbuch Verlag GmbH, 1963
Umfang: 235 S.
Format: Buch
Sprache: Deutsch
Schriftenreihe/
mehrbändiges Werk:
Rororo ; 591
Schlagworte:
Kein Bild verfügbar
X
alg: 38190116
001A    $01999:24-06-16 
001B    $01999:25-03-25 $t20:13:37.000 
001D    $01999:24-06-16 
001U    $0utf8 
001X    $00 
002@    $0Aax 
003@    $0381901165 
003O    $0952282866 $aOCoLC 
007A    $0381901165 $aHEB 
007G    $0DE020A2BC69D02ACB2A8DC1258C29004017EA 
007I    $0cibedo13381 
009P    $qapplication/pdf $A2 $3Inhaltsverzeichnis $uhttp://scans.hebis.de/HEBCGI/show.pl?38190116_toc.pdf $mV:DE-603;B:DE-Mb50 
010@    $ager 
011@    $a1963 
021A    $aSumma iniuria $doder Durfte der Papst schweigen? Hochhuths "Stellvertreter" in der öffentlichen Kritik $hhg. v. Fritz J. Raddatz 
028A    $#Raddatz, Fritz J. (Fritz Joachim) $#Raddatz, F. J. $#Raddatz, Fritz $#Raddatz, Fritz Joachim $#Raddac, Fric $#弗里茨·约·拉达茨 $#拉达茨, 弗里茨·约 $#Раддац, Фриц $D20220215 $Ecgwrk $7118787624 $8Raddatz, Fritz J.$Z1931-2015 [Tp1] $9087128233 
033A    $pReinbeck b.hamburg $nRowolth Taschenbuch Verlag GmbH 
034D    $a235 S. 
036E    $aRororo $l591 
036F    $x3591 $8Rororo $9005606543 $l591 
044K    $RHochhuth, Rolf $R485911809 $RNaber, Hermann $R499345967 $RNaber, Hermann $R499345975 $RSchiller, Christian $R499346092 $RSchiller, Christian $R499346114 $RMontijn, Aleida $R512411190 $RAmen $R135809312 $#Mëkëmbësi $#Stedfortræderen $#The @deputy $#The @representative $#Asemik $#Sijainen $#Le @vicaire $#Memall¯e 'hamm¯aq¯om $#Memalle hamaqôm $#Il @vicario $#Kami no dairinin $#De @plaatsbekleder $#Stedfortrederen $#O @vigário $#Ställföreträdaren $#Zástupca $#Namestnik $#El @vicarion $#Náměstek $#A @helytartó $#Hochhuth, Rolf $#086892762 $74119894-3 $8Hochhuth, Rolf$Z1931-2020 [Tp1]$aDer @Stellvertreter [Tu1] $9085380504 
044K    $RJudenverfolgung $RNationalsozialistisches Verbrechen $RVernichtungslager $#Holocaust, Jewish (1939-1945) $#Shoah $#Holocausto judío (1939-1945) $#Endlösung $#Holocaust $#Holokaust $#Judenfrage Endlösung $#Schoah $#Shoah $#Shoʾah $#Shoa $#Drittes Reich Judenvernichtung $#Šô'ā $#Juden Vernichtung $74073091-8 $8Judenvernichtung [Ts1] $9085205818 
044K    $RReligionspolitik $#Church and state $#Église et État $#Iglesia y Estado $#Kirchenpolitik $#Konfessionspolitik $74030745-1 $8Kirchenpolitik [Ts1] $9085081434 
044K    $RKirchenoberhaupt $RGegenpapst $#Papacy $#Popes $#Papauté $#Papes $#Papi $#Papato $#Papas $#Papst $#Bischof von Rom $#Päpste $#Papsttum $#Papa $74044561-6 $8Papst [Ts1] $9085125121 
044K    $RRezension $#Criticism $#Critique littéraire $#Critica letteraria $#Crítica literaria $#Literaturkritik $#Kritik Literatur $74036020-9 $8Literaturkritik [Ts1] $9085097551 
044K    $RPacelli, Francesco $#Pius XII, Pope $#Pacelli, Eugen $#Pacelli, Eugenio $#P. Pacifius $#Pacelli, Eugenio M. $#Pacelli, Eugenio Maria Giuseppe Giovanni $#Pie  XII. $#Pius  XII. $#Pius  XII. $#Pius  XII $#Pius  XII $#Pius  XII $#Pie  XII $#Pio  XII $#Pio  XII $#Pius  XII $#Pius  12 $#Papst Pius XII. $#Pie  XII $#Pio  XII $#Pius  12 $#Pius  $#Pie  XII $#Pio  XII $#Pius  12 $#Pius, XII Papa $#Pio  $#Pie  $7118594753 $8$PPius$nXII.$lPapst$Z1876-1958 [Tp1] $9086935739 
044K    $RRassenverfolgung $RAntisemitismus $#Jews Persecutions $#Juifs Persécutions $#Judíos Persecuciones $#Judenverfolgung $#Juden Verfolgung $74028814-6 $8Judenverfolgung [Ts1] $9085075965 
044K    $RFaschismus $RDrittes Reich $#National socialism $#National-socialisme $#Nazionalsocialismo $#Nacionalsocialismo $#National Socialism $#Faschismus $#Nationalsozialismus $#NS $74041316-0 $8Nationalsozialismus [Tsz] $908511314X 
044K    $RAuswirkung $RFortleben $#Influence (Literary, artistic, etc.) $#Influence littéraire, artistique, etc. $#Rezeption $#Fortwirken $#Nachwirkung Rezeption $#Nachleben $#Wirkungsgeschichte $#Aneignung Rezeption $74049716-1 $8Rezeption [Tsz] $9085138584 
044K    $RMitteleuropa $RVisegrád-Staaten $ROsteuropa $#Ostmitteleuropa $#Ostmitteleuropa $#Mitteleuropa, Ost $#Central Europe Ostmitteleuropa $#Mittelosteuropa $74075753-5 $8Ostmitteleuropa [Tg1] $9085214485 
044K    $RBewältigung $#Mémoire collective $#Vergangenheitsbewältigung $#"Unbewältigte" Vergangenheit $#Vergangenheit Aufarbeitung $#Vergangenheitsaufarbeitung $#Aufarbeitung Vergangenheit $74061672-1 $8Vergangenheitsbewältigung [Ts1] $9085171298 
045F    $a200.9430904 $eDDC23BSB 
045F/01 $a200.9 
045F/03 $f0904 
045F/03 $g43 
045R    $aKirchengeschichte 1939-1963 

lok: 38190116 24

exp: 38190116 24 1 #EPN
201B/01 $011-12-24 $t09:25:04.000 
201C/01 $011-12-24 
201U/01 $0utf8 
203@/01 $0128604006X 
208@/01 $a11-12-24 $bz 
209A/01 $a24.07805 $du $f050 $h24 07805 $x00 
209B/01 $aNL_Giesemann, Gerhard $x05 
209C/01 $a24.07805 G $h24 07805 G 
209G/01 $a74759025 $x00 
220C/01 $ados 
244Z/01 $#Gizemann, Gerchard $7124049435 $8--Tp1--Giesemann, Gerhard$Z1937-2021 $x80 $9107001721 
247C/01 $8358050-7 Marburg, Bibliothek des Herder-Instituts Marburg $9102600961 

lok: 38190116 97

exp: 38190116 97 1 #EPN
201B/01 $024-06-21 $t16:05:46.000 
201U/01 $0utf8 
203@/01 $0776553607 
208@/01 $a22-06-16 $br 
209A/01 $a1.6.68 $ds $f000 $x00 
247C/01 $8608097-2 <2287>Frankfurt/M., Christlich-Islamische Begegnungs- und Dokumentationsstelle, Bibliothek $9357012364 
247D/01 $aVermisst - 24.06.2021
LEADER 00000cam a22000002c 4500
001 381901165
003 DE-603
005 20250325201337.0
007 tu
008 160624s1963 xx |||| | u00||u|ger c
035 |a (DE-599)HEB381901165 
035 |a (OCoLC)952282866 
040 |a DE-603  |b ger  |c DE-603  |d DE-603 
041 |a ger 
082 0 4 |8 1\u  |a 200.9430904  |q DE-101  |2 23/BSB 
085 |8 1\u  |b 200.9 
085 |8 1\u  |z 1  |s 0904 
085 |8 1\u  |z 2  |s 43 
100 1 |a Raddatz, Fritz J.  |d 1931-2015  |0 (DE-603)087128233  |0 (DE-588)118787624  |2 gnd 
245 0 0 |a Summa iniuria  |b oder Durfte der Papst schweigen? Hochhuths "Stellvertreter" in der öffentlichen Kritik  |c hg. v. Fritz J. Raddatz 
264 1 |a Reinbeck b.hamburg  |b Rowolth Taschenbuch Verlag GmbH  |c 1963 
300 |a 235 S. 
490 1 |a Rororo  |v 591 
600 0 7 |a Pius  |b XII.  |c Papst  |d 1876-1958  |0 (DE-588)118594753  |0 (DE-603)086935739  |2 gnd 
600 1 7 |a Hochhuth, Rolf  |d 1931-2020  |t ˜Derœ Stellvertreter  |0 (DE-588)4119894-3  |0 (DE-603)085380504  |2 gnd 
648 7 |a Kirchengeschichte 1939-1963  |2 gnd 
650 7 |a Judenvernichtung  |0 (DE-588)4073091-8  |0 (DE-603)085205818  |2 gnd 
650 7 |a Kirchenpolitik  |0 (DE-588)4030745-1  |0 (DE-603)085081434  |2 gnd 
650 7 |a Papst  |0 (DE-588)4044561-6  |0 (DE-603)085125121  |2 gnd 
650 7 |a Literaturkritik  |0 (DE-588)4036020-9  |0 (DE-603)085097551  |2 gnd 
650 7 |a Judenverfolgung  |0 (DE-588)4028814-6  |0 (DE-603)085075965  |2 gnd 
650 7 |a Nationalsozialismus  |0 (DE-588)4041316-0  |0 (DE-603)08511314X  |2 gnd 
650 7 |a Rezeption  |0 (DE-588)4049716-1  |0 (DE-603)085138584  |2 gnd 
650 7 |a Vergangenheitsbewältigung  |0 (DE-588)4061672-1  |0 (DE-603)085171298  |2 gnd 
651 7 |a Ostmitteleuropa  |0 (DE-588)4075753-5  |0 (DE-603)085214485  |2 gnd 
830 0 |t Rororo  |v 591  |w (DE-603)005606543  |w (DE-600)48948-7  |9 3591  |7 as 
856 4 2 |m V:DE-603;B:DE-Mb50  |q application/pdf  |u http://scans.hebis.de/HEBCGI/show.pl?38190116_toc.pdf  |3 Inhaltsverzeichnis 
924 0 |9 Mb 50  |a (DE-603)128604006X  |b DE-Mb50  |c HES  |d c  |g 24.07805 
924 0 |9 2287  |a (DE-603)776553607  |b DE-2287  |c HES  |d d  |g 1.6.68